Posconflicto y desarrollo : (Registro nro. 6811)

Detalles MARC
000 -LEADER
fixed length control field 01499cam a2200277 a 4500
003 - CONTROL NUMBER IDENTIFIER
control field OSt
005 - DATE AND TIME OF LATEST TRANSACTION
control field 20200902113101.0
008 - FIXED-LENGTH DATA ELEMENTS--GENERAL INFORMATION
fixed length control field 070129s2006 ck ad r 000 0 spa d
020 ## - INTERNATIONAL STANDARD BOOK NUMBER
International Standard Book Number 9589285718
040 ## - CATALOGING SOURCE
Original cataloging agency CO-BoPUJ
Transcribing agency CO-JMCR
041 0# - LANGUAGE CODE
Language code of text/sound track or separate title spa
082 04 - DEWEY DECIMAL CLASSIFICATION NUMBER
Classification number 338.18 /
Item number L159p
Edition number 23
100 1# - MAIN ENTRY--PERSONAL NAME
Personal name Lafaurie Rivera, José Félix
Relator term autor
9 (RLIN) 9611
245 10 - TITLE STATEMENT
Title Posconflicto y desarrollo :
Remainder of title inversiónes sustitutivas de impuestos : una propuesta de inclusión y desarrollo rural /
Statement of responsibility, etc. José Félix Lafaurie Rivera ; colaboradores Alfonso Santana Díaz, Sandra Castro Contreras y Ricardo Cortes Dueñas
260 ## - PUBLICATION, DISTRIBUTION, ETC.
Place of publication, distribution, etc. Bogotá :
Name of publisher, distributor, etc. Konrad Adenauer-Stiftung ;
-- Fedegan,
Date of publication, distribution, etc. 2006.
300 ## - PHYSICAL DESCRIPTION
Extent 495 páginas :
Other physical details ilustraciones, gráficos y tablas ;
Dimensions 24 cm.
500 ## - GENERAL NOTE
General note Datos biográficos del autor en solapa frontal.
505 0# - FORMATTED CONTENTS NOTE
Formatted contents note El sesgo anti-rural de los modelos de desarrollo. -- Indicadores sociales del sector rural. -- La destrucción de la institucionalidad -- La Política de seguridad democrática y civilidad. -- Más allá de las armas. -- De la iniquidad a una visión rural 2019. -- La propuesta : inversiones sustitutivas de impuestos.
650 24 - SUBJECT ADDED ENTRY--TOPICAL TERM
Topical term or geographic name entry element Política agrícola
Geographic subdivision Colombia
9 (RLIN) 7086
650 24 - SUBJECT ADDED ENTRY--TOPICAL TERM
Topical term or geographic name entry element Desarrollo rural
Geographic subdivision Colombia
9 (RLIN) 9612
650 24 - SUBJECT ADDED ENTRY--TOPICAL TERM
Topical term or geographic name entry element Conflicto armado
General subdivision Aspectos económicos
Geographic subdivision Colombia
9 (RLIN) 9613
700 1# - ADDED ENTRY--PERSONAL NAME
Personal name Santana Díaz, Alfonso
Relator term coautor
9 (RLIN) 9614
700 1# - ADDED ENTRY--PERSONAL NAME
Personal name Castro Contreras, Sandra
Relator term coautor
9 (RLIN) 9615
700 1# - ADDED ENTRY--PERSONAL NAME
Personal name Cortes Dueñas, Ricardo
Relator term coautor
9 (RLIN) 9616
942 ## - ADDED ENTRY ELEMENTS (KOHA)
Source of classification or shelving scheme Dewey Decimal Classification
Koha item type Books
Existencias
Withdrawn status Lost status Source of classification or shelving scheme Damaged status Not for loan Home library Current library Shelving location Date acquired Source of acquisition Total Checkouts Full call number Barcode Date last seen Copy number Price effective from Koha item type
    Dewey Decimal Classification     Biblioteca Pública José María del Castillo y Rada Biblioteca Pública José María del Castillo y Rada General Stacks 04/15/2018 Donación   338.18 / L159p 201809986 05/16/2024 Ej.1 04/15/2018 Books